Statistiques concernant Chansons de Blanche-neige

Cliquez ici pour prendre le quiz!

Statistiques générales

  • Ce quiz a été pris 30 fois
  • Le résultat moyen est 4 sur 10

Statistiques - réponses

personnage(s)IndiceTitre% Correct
Blanche-NeigeElle raconte l'amour aux nainsUn jour mon prince viendra
89%
(Chœur)Chanson de finUn jour mon prince viendra (reprise)
82%
Les nainsLe quotidien des nainsHeigh-Ho
57%
Les nainsRetour au travailHeigh-Ho (reprise)
57%
Blanche-Neige et le PrinceRencontre avec le princeJe souhaite / Un chant
46%
Blanche-NeigeNettoyage de la maisonSifflez en travaillant
39%
Le Prince (et Chœur)Retour du prince, le sauveur !!Un chant (reprise)
32%
Blanche-Neige et Les nainsUn peu de YodelLa tyrolienne des nains
18%
Blanche-NeigeAvec les animauxUn sourire en chantant
14%
Les nainsAvant de manger c'est importantOn se lave / Bluddle-Uddle-Um-Dum
11%

Distribution des résultats

Percentile par nombre de réponses

% des personnes avec chaque résultat

Votre développement - résultats

Vous n’avez pas pris ce quiz